Η ευρωπαϊκή θεώρηση των διεθνών σχέσεων

Αποθηκεύτηκε σε:
Λεπτομέρειες βιβλιογραφικής εγγραφής
Κύριος συγγραφέας: Telo, Mario
Άλλοι συγγραφείς: Ζαρταμόπουλος, Νίκος (Μεταφραστής), Ντάλης, Σωτήρης (Επιμελητής έκδοσης)
Μορφή: Βιβλίο
Γλώσσα:Greek
French
Δημοσίευση: Αθήνα : Παπαζήσης, 2012.
Σειρά:Διεθνής και ευρωπαϊκή πολιτική (Παπαζήσης)
Θέματα:
Ετικέτες: Προσθήκη ετικέτας
Δεν υπάρχουν, Καταχωρήστε ετικέτα πρώτοι!

MARC

LEADER 00000cam a2200000 i 4500
001 1/20194
008 120606s2012 gr | ||| |||| ||gre||
020 |a 9789600226911 
035 |l 10112663 
040 |a GR-MY-UA  |b gre  |e aacr 
041 1 |a gre  |h fre 
082 7 |a 337.142   |2 (22) 
100 1 |a Telo, Mario. 
245 1 2 |a Η ευρωπαϊκή θεώρηση των διεθνών σχέσεων /   |c Mario Telo ; μετάφραση: Νίκος Ζαρταμόπουλος ; επιμέλεια, επίμετρο ελληνικής έκδοσης: Σωτήρης Ντάλης ; επιμέλεια παραρτήματος: Κωνσταντίνος Μαγκλιβέρας.  
260 |a Αθήνα :   |b Παπαζήσης,   |c 2012.  
300 |a 511 σ. ;   |c 21 εκ.  
490 1 |a (Διεθνής και ευρωπαϊκή πολιτική Relations internationales. Une perspective europeenne)  
500 |a Μετάφραση του: Relations internationales. Une perspective europeenne 
504 |a Βιβλιογραφία: σ. 497-506 
650 0 |a International relations  |x Philosophy  |x History. 
650 0 |a Political science  |z Europe  |x History. 
700 1 |a Ζαρταμόπουλος, Νίκος,  |e trl 
700 1 |a Ντάλης, Σωτήρης,  |e edt 
830 0 |a Διεθνής και ευρωπαϊκή πολιτική (Παπαζήσης) 
852 |a INST  |b RHODES  |e 20120606  |h 337.142 TEL  |p 005400034425  |q 005400034425  |t BK  |y 0 
852 |a INST  |b RHODES  |e 20130220  |h 337.142 TEL  |p 005400034921  |q 005400034921  |t BK  |y 0 
901 |a BIBL4-2012-2 
901 |a BIBL4-2013-1 
909 |a Ρ  |b 171060 
909 |a Ρ  |b 176455 
970 |z 2012/06/06